000 00993cpcaa2200229 4500
001 mm 82098129
003 DLC
005 20260227111718.0
008 850606|||||||||||| eng
010 _amm 82098129
040 _aDLC
_cDLC
_edacs
_dDLC
072 7 _aC
_2lcmd
245 0 0 _aBritish newspaper history :
_kmanuscript,
_fcirca 1827.
300 _a1
_fitem.
300 _a1
_fcontainer.
506 0 _aOpen to research.
520 8 _aCorrected draft by an unknown person containing notices or notes on circa fifty English newspapers "at present published, metropolitan as well as provincial..." Includes comments on circulation, layout and appearance, and political leanings. With index.
546 _aCollection material in English.
650 0 _aBritish newspapers
_z19th century.
999 _c43835
_d43835